Metody i techniki badan ekonomicznych Zagadnienia epistemologiczne i metodologiczne

Saved in:
Bibliographic Details
Main Author: Zurawicki, Seweryn
Format: Book
Language:Polish
Published: Warszawa Wyd. Ekon. 1980
Edition:1. wyd.
Tags: Add Tag
No Tags, Be the first to tag this record!

MARC

LEADER 00000nam a2200000 4500
001 c036770
005 20221220102229.5
041 0 |a pol 
044 |a PL 
245 1 0 |a Metody i techniki badan ekonomicznych  |b Zagadnienia epistemologiczne i metodologiczne  |c Seweryn Zurawicki 
250 |a 1. wyd. 
264 1 |a Warszawa  |b Wyd. Ekon.  |c 1980 
300 |a 459 s. 
100 1 |a Zurawicki, Seweryn